Statistics for WWE Womens royal rumble 2018

Click here to take the quiz!

General Stats

  • This quiz has been taken 65 times
  • The average score is 21 of 30

Answer Stats

Hint Answer % Correct
1Sasha banks
89%
25Asuka
86%
5Lita
86%
30Trish Stratus
86%
2Becky lynch
86%
29Bayley
82%
15Ruby riott
82%
28Brie Bella
81%
22Nia Jax
81%
20Naomi
81%
11Liv morgan
81%
4Mandy Rose
81%
3Sarah Logan
79%
27Nikki bella
79%
19Kelly Kelly
75%
10Sonya deville
75%
18Natalya
72%
17Carmella
70%
26Mickie James
67%
13Lana
65%
23Ember moon
63%
12Molly Holly
61%
9Torrie Wilson
61%
6Kairi Sane
56%
8Dana brooke
56%
14Michelle McCool
53%
7Tamina Snuka
49%
21Jacqueline
46%
16Vickie guerrero
46%
24Beth pheonix
35%

Score Distribution

Percentile by Number Answered

Percent of People with Each Score

Your Score History

You have not taken this quiz